RE6 Hamburg Sylt (Marschbahn) alle Haltestellen - Statistiken

Allgemein
  • Dieses Quiz wurde 32 mal gespielt
  • Das Durchschnittsergebnis liegt bei 8 aus 14
Antwortstatistiken
Antwort % Korrekt
Westerland/Sylt
91%
Hamburg-Altona
78%
Husum
74%
Niebüll
74%
Elmshorn
70%
Itzehoe
65%
Heide
61%
Keitum
57%
Klanxbüll
57%
Morsum
57%
Friedrichstadt
52%
Bredstedt
35%
Langenhorn
35%
Lunden
35%
Keine übereinstimmenden Quizze gefunden
Verteilung der Resultate
Anzahl Personen mit jedem Resultat
Perzentil nach korrekt beantworteten Fragen
Ihre Resultats-Entwicklung
Sie haben dieses Quiz noch nicht gespielt